polskie obiekty unesco - Statystyki

Ogólne statystyki
  • Ten quiz został rozwiązany 471 razy
  • Średni wynik to 11 z 14
Odpowiedzi na mapie
Odpowiedzi zakodowano w zielono-czerwonej skali na mapie do tego quizu, zgodnie z poniższymi procentami.
 
Statystyki odpowiedzi
Odpowiedź % Poprawnych
Stare miasto w Warszawie
96%
Białowieski Park Narodowy
92%
Średniowieczny zespół miejski Torunia
92%
Zamek Krzyżacki w Malborku
89%
Stare miasto w Zamościu
85%
Hala Stulecia we Wrocławiu
84%
Park Mużakowski nad Nysą Łużycką
79%
Auschwitz-Birkenau
77%
Stare miasto w Krakowie
76%
Zabytkowa kopalnia soli w Wieliczce i Bochnii
74%
Zabytkowa Kopalnia Srebra i podziemia w Tarnowskich Górach
67%
Krzemionki Opatowskie koło Opatowa
66%
Kalwaria Zebrzydowska
65%
Kościoły Pokoju w Jaworze i Świdnicy
63%
Nie znaleziono quizów pasujących do podanych kryteriów
Rozkład punktacji
Procent ludzi z każdym wynikiem
Percentyl według liczby udzielonych odpowiedzi
Twoja historia wyników
Nie rozwiązałeś tego quizu